Človek naplnených činov nedožitá sedemdesiatka činovníka Stana Chrena

Bibliographic Details
Main Author: -Kvč- (Author)
Format: Article
Language:Slovak
PhysicalDescription:Fotogr.
ISSN:0862-8823
Subjects:

MARC

LEADER 00000nab a2200000 a 4500
001 vtls008160177
003 SK-MaSNL
005 20260303074532.0
008 160322c2005 xo sr|p|||||||000 b|slo
015 |a SNBRB2005/06  |2 snkbucl 
038 |a SNKBUCL 
040 |a SNKBUCL  |b slo  |c SNKBUCL  |e AACR2 
041 0 |a slo 
044 |a xo  |c SK 
080 |a 792.071.2  |2 UDC-MRF-SK2 
080 |a 792.075  |2 UDC-MRF-SK2 
080 |a 929 Chren, Stanislav  |2 UDC-MRF-SK2 
100 0 |a -Kvč-  |4 aut  |9 1077786 
245 1 0 |a Človek naplnených činov  |b nedožitá sedemdesiatka činovníka Stana Chrena  |c [autor]: -Kvč- 
300 |b Fotogr. 
600 1 7 |a Chren, Stanislav,  |d 1935-1998  |2 snkbucl  |9 38256 
773 0 |t Slovenské národné noviny  |g Roč. 16 (20), č. 11 (2005), s. 8  |x 0862-8823 
852 |a SNK  |b KIS3GCP 
958 |a BX 
999 |c 1772004  |d 1773934